Every City and CDP in Jefferson County - Statistics

General Stats
  • This quiz has been taken 5 times
  • The average score is 4 of 7
Answer Stats
Population Type Answer % Correct
10,600 City Port Townsend
100%
3,046 CDP Port Ludlow
75%
881 CDP Brinnon
50%
924 CDP Marrowstone
50%
3,503 CDP Port Hadlock-Irondale
50%
521 CDP Quilcene
50%
145 CDP Queets
25%
No matching quizzes found
Score Distribution
Percent of People with Each Score
Percentile by Number Answered
Your Score History
You have not taken this quiz